Indian Constitutional Law/ (Record no. 1400815)

MARC details
000 -LEADER
fixed length control field 00854nam a22002537a 4500
005 - DATE AND TIME OF LATEST TRANSACTION
control field 20250513160203.0
008 - FIXED-LENGTH DATA ELEMENTS--GENERAL INFORMATION
fixed length control field 250513b |||||||| |||| 00| 0 eng d
020 ## - INTERNATIONAL STANDARD BOOK NUMBER
International Standard Book Number 9789395116237
040 ## - CATALOGING SOURCE
Original cataloging agency LCT
Transcribing agency LCT
041 ## - LANGUAGE CODE
Source of code eng
Language code of text/sound track or separate title eng
Language code of original eng
084 ## - COLON CLASSIFICATION NUMBER
Classification number V2:2: (Z) Q15
100 ## - MAIN ENTRY--PERSONAL NAME
Personal name Jain, M.P.
9 (RLIN) 784252
245 ## - TITLE STATEMENT
Title Indian Constitutional Law/
250 ## - EDITION STATEMENT
Edition statement 7th ed.
260 ## - PUBLICATION, DISTRIBUTION, ETC.
Place of publication, distribution, etc. Gurgaon, India:
Name of publisher, distributor, etc. Lexis Nexis,
Date of publication, distribution, etc. 2015
300 ## - PHYSICAL DESCRIPTION
Extent clxxxviii, 2027p.
500 ## - GENERAL NOTE
General note one is replaced with 8th edition on accession Number LT0025717 by the users.
650 ## - SUBJECT ADDED ENTRY--TOPICAL TERM
Topical term or geographic name entry element Constitution of India
9 (RLIN) 784253
650 ## - SUBJECT ADDED ENTRY--TOPICAL TERM
Topical term or geographic name entry element constitutional jurisprudence
9 (RLIN) 747484
650 ## - SUBJECT ADDED ENTRY--TOPICAL TERM
Topical term or geographic name entry element Goods and Services Tax
9 (RLIN) 747485
650 ## - SUBJECT ADDED ENTRY--TOPICAL TERM
Topical term or geographic name entry element Constitutional amendments and comments
9 (RLIN) 747486
650 ## - SUBJECT ADDED ENTRY--TOPICAL TERM
Topical term or geographic name entry element Reservation
9 (RLIN) 747487
942 ## - ADDED ENTRY ELEMENTS (KOHA)
Source of classification or shelving scheme Colon Classification (CC)
Koha item type Reference
Classification part V2:2: (Z) Q15
Suppress in OPAC No
Holdings
Withdrawn status Lost status Source of classification or shelving scheme Damaged status Not for loan Collection Home library Current library Shelving location Date acquired Source of acquisition Cost, normal purchase price Inventory number Total Checkouts Full call number Barcode Date last seen Price effective from Koha item type
    Colon Classification (CC)     Non-fiction Law Centre-II Library Law Centre-II Library General Stacks 2025-05-13 Singhal Publication 1250.00 5334/20.08.2015   V2:2: (Z) Q15 LT0025216 2025-05-13 2025-05-13 Textbook
    Colon Classification (CC)     Non-fiction Law Centre-II Library Law Centre-II Library General Stacks 2025-05-13 Singhal Publication 1250.00 5334/20.08.2015   V2:2: (Z) Q15 LT0025217 2025-05-13 2025-05-13 Textbook
    Colon Classification (CC)     Non-fiction Law Centre-II Library Law Centre-II Library General Stacks 2025-05-13 Singhal Publication 1250.00 5334/20.08.2015   V2:2: (Z) Q15 LT0025218 2025-05-13 2025-05-13 Textbook
Copyright @ Delhi University Library System